Pháp luật về hoạt động tư vấn xác định giá đất tính bồi thường khi nhà nước thu hồi đất - Lý luận và thực tiễn : Luận văn Thạc sĩ Luật học. Chuyên ngành Luật Kinh tế

Nghiên cứu những quy định pháp luật liên quan đến hoạt động tư vấn xác định giá đất tính bồi thường khi nhà nước thu hồi đất.

Saved in:
Bibliographic Details
Main Author: Trần, Công Đoàn
Format: Book
Language:Undetermined
Published: Cần Thơ Trường Đại học Cần Thơ 2017
Subjects:
Tags: Add Tag
No Tags, Be the first to tag this record!
Institutions: Trung tâm Học liệu Trường Đại học Cần Thơ
LEADER 01170nam a2200217Ia 4500
001 CTU_224443
008 210402s9999 xx 000 0 und d
082 |a 346.597043 
082 |b Đ406 
100 |a Trần, Công Đoàn 
245 0 |a Pháp luật về hoạt động tư vấn xác định giá đất tính bồi thường khi nhà nước thu hồi đất - Lý luận và thực tiễn : 
245 0 |b Luận văn Thạc sĩ Luật học. Chuyên ngành Luật Kinh tế 
245 0 |c Trần Công Đoàn ; Phan Trung Hiền (Cán bộ hướng dẫn) 
260 |a Cần Thơ 
260 |b Trường Đại học Cần Thơ 
260 |c 2017 
520 |a Nghiên cứu những quy định pháp luật liên quan đến hoạt động tư vấn xác định giá đất tính bồi thường khi nhà nước thu hồi đất. 
650 |a Land tenure,Quyền sử dụng đất 
650 |x Law and legislation,Luật và pháp chế 
650 |z Vietnam,Việt Nam 
980 |a Trung tâm Học liệu Trường Đại học Cần Thơ